000 00585nam a2200229 4500
003 EC-GqESP
005 20260331120207.0
008 260331b |||||||| |||| 00| 0 eng d
020 _a976-0-19-475624-2
041 _aeng.
082 _a428.4
_pGRA
100 _aGramer, margot F.
245 _aQ: Skills for Success: Reading And Writing 3
250 _aS/E
260 _aNEW YORK
_bOXFORD UNIVERSITY PRESS
_c2011
300 _a223 p.
_bImagenes
_c26.5x21.5 cm
650 _aGramatica
650 _aLetura
650 _aEscritura
700 _aWard, Colin S.
942 _c01
999 _c238297
_d238297